[Event "eytcc"]
[Site "?"]
[Date "2017.08.17"]
[Round "1.10"]
[White "Kozak, Adam"]
[Black "Baum, Jonasz"]
[Result "1-0"]
[BlackElo "2294"]
[WhiteElo "2422"]
[LiveChessVersion "1.4.4"]

1. d4 {[%clk 1:30:59]} Nf6 {[%clk 1:30:55]} 2. c4 {[%clk 1:31:22]} e6
{[%clk 1:31:20]} 3. Nf3 {[%clk 1:31:26]} d5 {[%clk 1:31:43]} 4. Nc3
{[%clk 1:31:22]} Nbd7 {[%clk 1:32:07]} 5. Bg5 {[%clk 1:31:25]} c6
{[%clk 1:32:25]} 6. e3 {[%clk 1:31:28]} Qa5 {[%clk 1:32:34]} 7. Nd2
{[%clk 1:31:40]} Bb4 {[%clk 1:30:44]} 8. Qc2 {[%clk 1:31:40]} O-O
{[%clk 1:29:35]} 9. Be2 {[%clk 1:31:54]} dxc4 {[%clk 1:29:55]} 10. Bxf6
{[%clk 1:26:59]} Nxf6 {[%clk 1:30:23]} 11. Nxc4 {[%clk 1:25:56]} Qc7
{[%clk 1:30:46]} 12. O-O {[%clk 1:22:54]} b6 {[%clk 1:30:44]} 13. Bf3
{[%clk 1:11:34]} Bb7 {[%clk 1:30:57]} 14. Rac1 {[%clk 1:02:40]} Rac8
{[%clk 1:29:29]} 15. Ne4 {[%clk 1:01:57]} Be7 {[%clk 1:24:32]} 16. Nxf6+
{[%clk 1:00:04]} Bxf6 {[%clk 1:24:53]} 17. b4 {[%clk 0:58:56]} Be7
{[%clk 1:13:05]} 18. Qb3 {[%clk 0:58:21]} Rfd8 {[%clk 1:01:10]} 19. Rc2
{[%clk 0:54:02]} Bf6 {[%clk 0:41:22]} 20. Rfc1 {[%clk 0:52:32]} Qd7
{[%clk 0:30:13]} 21. h3 {[%clk 0:49:02]} h6 {[%clk 0:29:33]} 22. Nb2
{[%clk 0:44:25]} e5 {[%clk 0:26:19]} 23. Bg4 {[%clk 0:43:52]} Qe8
{[%clk 0:24:15]} 24. Bxc8 {[%clk 0:43:08]} Rxc8 {[%clk 0:24:31]} 25. Nc4
{[%clk 0:41:15]} Rd8 {[%clk 0:19:52]} 26. dxe5 {[%clk 0:38:06]} Bxe5
{[%clk 0:20:01]} 27. Nxe5 {[%clk 0:36:25]} Qxe5 {[%clk 0:20:25]} 28. Rc4
{[%clk 0:34:10]} Qh5 {[%clk 0:10:48]} 29. Qc3 {[%clk 0:29:09]} Qg6
{[%clk 0:04:46]} 30. Rg4 {[%clk 0:28:39]} Qh7 {[%clk 0:04:46]} 31. Rd4
{[%clk 0:27:22]} Re8 {[%clk 0:04:34]} 32. Rd7 {[%clk 0:26:28]} Bc8
{[%clk 0:04:57]} 33. Rxa7 {[%clk 0:25:25]} Qg6 {[%clk 0:05:10]} 34. Qxc6
{[%clk 0:25:32]} Bxh3 {[%clk 0:04:13]} 35. Qxg6 {[%clk 0:25:20]} 1-0

[Event "eytcc"]
[Site "?"]
[Date "2017.08.17"]
[Round "1.11"]
[White "Oglaza, Oskar"]
[Black "Havasi, Gergo"]
[Result "0-1"]
[BlackElo "2380"]
[WhiteElo "2185"]
[LiveChessVersion "1.4.4"]

1. e4 {[%clk 1:30:55]} e5 {[%clk 1:30:31]} 2. Nf3 {[%clk 1:31:07]} Nc6
{[%clk 1:30:35]} 3. d4 {[%clk 1:31:25]} exd4 {[%clk 1:30:44]} 4. Nxd4
{[%clk 1:31:44]} Nf6 {[%clk 1:30:20]} 5. Nxc6 {[%clk 1:32:02]} bxc6
{[%clk 1:30:41]} 6. Qe2 {[%clk 1:32:25]} d6 {[%clk 1:19:06]} 7. Nc3
{[%clk 1:32:20]} Be7 {[%clk 1:12:32]} 8. Bf4 {[%clk 1:30:39]} O-O
{[%clk 1:11:32]} 9. O-O-O {[%clk 1:30:35]} Be6 {[%clk 1:10:36]} 10. Kb1
{[%clk 1:23:27]} a5 {[%clk 1:00:38]} 11. h3 {[%clk 1:22:22]} Nd7 {[%clk 0:56:39]}
12. Bc1 {[%clk 1:22:03]} Bf6 {[%clk 0:50:47]} 13. Qe3 {[%clk 1:21:56]} Nc5
{[%clk 0:37:19]} 14. f3 {[%clk 1:12:00]} Qb8 {[%clk 0:18:46]} 15. g4
{[%clk 1:10:09]} Qb6 {[%clk 0:14:09]} 16. Bg2 {[%clk 0:59:42]} Rfb8
{[%clk 0:08:11]} 17. g5 {[%clk 0:58:10]} Bxc3 {[%clk 0:03:45]} 18. Qxc3
{[%clk 0:58:33]} Na4 {[%clk 0:02:59]} 19. Qa3 {[%clk 0:58:26]} Qb4
{[%clk 0:02:17]} 20. Rd3 {[%clk 0:56:15]} d5 {[%clk 0:01:46]} 21. Rb3
{[%clk 0:55:51]} d4 {[%clk 0:00:33]} 22. Qxb4 {[%clk 0:45:28]} axb4
{[%clk 0:00:44]} 23. Bf4 {[%clk 0:44:24]} c5 {[%clk 0:00:32]} 24. Rd3
{[%clk 0:44:32]} Nc3+ {[%clk 0:00:34]} 25. bxc3 {[%clk 0:44:56]} bxc3+
{[%clk 0:00:35]} 26. Kc1 {[%clk 0:45:21]} Rxa2 {[%clk 0:00:37]} 27. Kd1
{[%clk 0:45:44]} Rb1+ {[%clk 0:00:48]} 28. Ke2 {[%clk 0:45:28]} Rxc2+
{[%clk 0:01:05]} 29. Bd2 {[%clk 0:45:12]} Rxh1 {[%clk 0:01:06]} 30. Bxh1
{[%clk 0:45:24]} Bc4 {[%clk 0:01:15]} 0-1

[Event "eytcc"]
[Site "?"]
[Date "2017.08.17"]
[Round "1.12"]
[White "Bohus, Adam"]
[Black "Chyzy, Jakub"]
[Result "1-0"]
[BlackElo "2174"]
[WhiteElo "2299"]
[LiveChessVersion "1.4.4"]

1. d4 {[%clk 1:30:56]} d5 {[%clk 1:30:55]} 2. Nf3 {[%clk 1:31:15]} e6
{[%clk 1:31:17]} 3. c4 {[%clk 1:31:30]} Nf6 {[%clk 1:31:40]} 4. Nc3
{[%clk 1:31:35]} Be7 {[%clk 1:31:59]} 5. Bf4 {[%clk 1:31:21]} O-O
{[%clk 1:32:07]} 6. e3 {[%clk 1:31:14]} Nbd7 {[%clk 1:32:19]} 7. Qc2
{[%clk 1:29:17]} c5 {[%clk 1:31:03]} 8. Rd1 {[%clk 1:29:05]} Qa5 {[%clk 1:21:59]}
9. Nd2 {[%clk 1:23:43]} cxd4 {[%clk 1:08:45]} 10. exd4 {[%clk 1:23:02]} a6
{[%clk 1:00:41]} 11. Bd3 {[%clk 1:13:44]} dxc4 {[%clk 0:54:09]} 12. Nxc4
{[%clk 1:13:22]} Qh5 {[%clk 0:53:07]} 13. O-O {[%clk 1:04:35]} Rd8
{[%clk 0:48:04]} 14. Rfe1 {[%clk 0:51:26]} b5 {[%clk 0:44:53]} 15. Be2
{[%clk 0:36:56]} Qg6 {[%clk 0:41:45]} 16. Qxg6 {[%clk 0:36:52]} hxg6
{[%clk 0:42:12]} 17. Bf3 {[%clk 0:35:40]} bxc4 {[%clk 0:30:29]} 18. Bxa8
{[%clk 0:35:27]} Nb6 {[%clk 0:29:18]} 19. Bc6 {[%clk 0:24:49]} Nfd5
{[%clk 0:26:40]} 20. Nxd5 {[%clk 0:23:33]} Nxd5 {[%clk 0:27:06]} 21. Bxd5
{[%clk 0:23:23]} Rxd5 {[%clk 0:27:33]} 22. Rc1 {[%clk 0:16:59]} Rxd4
{[%clk 0:26:41]} 23. Be5 {[%clk 0:16:28]} Rd7 {[%clk 0:25:08]} 24. Rxc4
{[%clk 0:16:08]} Bb7 {[%clk 0:25:27]} 25. Rec1 {[%clk 0:13:26]} Bd5
{[%clk 0:24:22]} 26. Rc7 {[%clk 0:12:23]} Rxc7 {[%clk 0:23:12]} 27. Rxc7
{[%clk 0:12:51]} Bb4 {[%clk 0:23:27]} 28. a3 {[%clk 0:10:51]} Ba5
{[%clk 0:20:23]} 29. Ra7 {[%clk 0:09:55]} Bc4 {[%clk 0:20:34]} 30. b4
{[%clk 0:09:45]} Bb6 {[%clk 0:20:40]} 31. Ra8+ {[%clk 0:10:10]} Kh7
{[%clk 0:20:10]} 32. Rb8 {[%clk 0:10:13]} 1-0

[Event "eytcc"]
[Site "?"]
[Date "2017.08.17"]
[Round "1.13"]
[White "Zajic, Milan"]
[Black "Gorodetzky, David"]
[Result "0-1"]
[BlackElo "2409"]
[WhiteElo "2499"]
[LiveChessVersion "1.4.4"]

1. d4 {[%clk 1:30:54]} Nf6 {[%clk 1:30:04]} 2. Nf3 {[%clk 1:31:10]} e6
{[%clk 1:29:51]} 3. Bf4 {[%clk 1:31:14]} d5 {[%clk 1:26:02]} 4. e3
{[%clk 1:31:26]} Bd6 {[%clk 1:23:45]} 5. Nbd2 {[%clk 1:31:07]} O-O
{[%clk 1:20:36]} 6. Bg3 {[%clk 1:30:58]} c5 {[%clk 1:18:30]} 7. c3
{[%clk 1:31:15]} b6 {[%clk 1:11:06]} 8. Bd3 {[%clk 1:29:40]} Bb7 {[%clk 1:01:03]}
9. Ne5 {[%clk 1:21:16]} Nc6 {[%clk 0:55:43]} 10. f4 {[%clk 1:17:18]} Ne7
{[%clk 0:50:15]} 11. Qb1 {[%clk 1:00:03]} g6 {[%clk 0:46:44]} 12. Bh4
{[%clk 0:58:00]} Nf5 {[%clk 0:43:19]} 13. Bxf5 {[%clk 0:44:24]} exf5
{[%clk 0:43:28]} 14. O-O {[%clk 0:43:58]} Be7 {[%clk 0:41:43]} 15. Bxf6
{[%clk 0:40:32]} Bxf6 {[%clk 0:42:10]} 16. Re1 {[%clk 0:39:34]} Re8
{[%clk 0:39:58]} 17. b4 {[%clk 0:36:34]} Qc7 {[%clk 0:38:23]} 18. Qb2
{[%clk 0:35:43]} Be7 {[%clk 0:33:03]} 19. Rab1 {[%clk 0:35:18]} c4
{[%clk 0:30:17]} 20. a4 {[%clk 0:27:50]} Bd6 {[%clk 0:29:24]} 21. Nf1
{[%clk 0:26:29]} Re6 {[%clk 0:27:03]} 22. Qf2 {[%clk 0:19:34]} f6
{[%clk 0:24:10]} 23. Nf3 {[%clk 0:20:00]} Rae8 {[%clk 0:23:22]} 24. Ra1
{[%clk 0:19:25]} a5 {[%clk 0:20:18]} 25. b5 {[%clk 0:18:45]} Qg7 {[%clk 0:19:08]}
26. Nh4 {[%clk 0:17:32]} R6e7 {[%clk 0:16:15]} 27. Kh1 {[%clk 0:16:10]} Bc8
{[%clk 0:16:05]} 28. g3 {[%clk 0:14:43]} Kh8 {[%clk 0:11:32]} 29. Ra2
{[%clk 0:12:56]} Rf8 {[%clk 0:09:59]} 30. Nf3 {[%clk 0:10:21]} g5
{[%clk 0:08:52]} 31. Rc2 {[%clk 0:08:12]} Rfe8 {[%clk 0:07:07]} 32. Rec1
{[%clk 0:05:37]} Be6 {[%clk 0:06:53]} 33. Ne1 {[%clk 0:05:18]} Bf7
{[%clk 0:05:59]} 34. Ng2 {[%clk 0:04:36]} Rf8 {[%clk 0:03:56]} 35. Re1
{[%clk 0:03:23]} Bh5 {[%clk 0:03:59]} 36. h3 {[%clk 0:03:15]} Qh6
{[%clk 0:02:31]} 37. Kh2 {[%clk 0:02:16]} Rg7 {[%clk 0:01:34]} 38. Ra1
{[%clk 0:01:56]} Bg4 {[%clk 0:01:01]} 39. h4 {[%clk 0:02:16]} Rfg8
{[%clk 0:00:53]} 40. Nd2 {[%clk 0:30:57]} Qh5 {[%clk 0:31:11]} 41. Rg1
{[%clk 0:23:58]} Be7 {[%clk 0:14:10]} 42. Ra2 {[%clk 0:18:42]} Bd6
{[%clk 0:08:52]} 43. Raa1 {[%clk 0:13:00]} Be2 {[%clk 0:08:08]} 44. Ra2
{[%clk 0:10:49]} Bd3 {[%clk 0:07:17]} 45. Raa1 {[%clk 0:09:44]} Re8
{[%clk 0:05:50]} 46. Rae1 {[%clk 0:07:52]} Ba3 {[%clk 0:04:58]} 47. Nb1
{[%clk 0:06:37]} Bd6 {[%clk 0:04:53]} 48. Nd2 {[%clk 0:06:55]} Re6
{[%clk 0:02:44]} 49. Ra1 {[%clk 0:04:40]} Qe2 {[%clk 0:01:19]} 50. Qxe2
{[%clk 0:03:53]} Bxe2 {[%clk 0:01:47]} 51. Ra2 {[%clk 0:02:46]} Bd3
{[%clk 0:01:19]} 52. Nf3 {[%clk 0:01:57]} Be4 {[%clk 0:01:12]} 53. Nfe1
{[%clk 0:01:02]} h6 {[%clk 0:01:32]} 54. Rf1 {[%clk 0:01:24]} Re8
{[%clk 0:01:13]} 55. Rff2 {[%clk 0:00:58]} Kh7 {[%clk 0:01:02]} 56. Nf3
{[%clk 0:00:59]} Kg6 {[%clk 0:00:52]} 57. Nfe1 {[%clk 0:00:51]} Rge7
{[%clk 0:01:07]} 58. Ra1 {[%clk 0:00:40]} Re6 {[%clk 0:01:02]} 59. Raa2
{[%clk 0:01:04]} Kh5 {[%clk 0:00:57]} 60. Kh3 {[%clk 0:01:08]} Kg6
{[%clk 0:00:56]} 61. Kh2 {[%clk 0:01:31]} R6e7 {[%clk 0:00:56]} 62. Nf3
{[%clk 0:01:38]} Kh5 {[%clk 0:01:04]} 63. Nfe1 {[%clk 0:01:23]} Kg4
{[%clk 0:01:17]} 64. Rfe2 {[%clk 0:00:42]} Bb1 {[%clk 0:00:49]} 65. Ra1
{[%clk 0:00:56]} Be4 {[%clk 0:00:39]} 66. Raa2 {[%clk 0:01:15]} Bb1
{[%clk 0:00:34]} 67. Ra1 {[%clk 0:01:43]} Bd3 {[%clk 0:00:34]} 68. Rf2
{[%clk 0:01:03]} Rxe3 {[%clk 0:00:44]} 69. Nxe3+ {[%clk 0:01:26]} Rxe3
{[%clk 0:01:13]} 70. Nxd3 {[%clk 0:00:56]} Rxd3 {[%clk 0:00:55]} 71. hxg5
{[%clk 0:01:07]} hxg5 {[%clk 0:01:19]} 72. Re1 {[%clk 0:01:04]} gxf4
{[%clk 0:01:02]} 73. gxf4 {[%clk 0:00:46]} Bxf4+ {[%clk 0:01:26]} 74. Kh1
{[%clk 0:00:41]} Rh3+ {[%clk 0:01:46]} 75. Kg2 {[%clk 0:00:37]} Rh2+
{[%clk 0:02:07]} 0-1

[Event "eytcc"]
[Site "?"]
[Date "2017.08.17"]
[Round "1.14"]
[White "Parkhov, Yair"]
[Black "Djordjevic, Vuk"]
[Result "0-1"]
[BlackElo "2337"]
[WhiteElo "2382"]
[LiveChessVersion "1.4.4"]

1. Nf3 {[%clk 1:30:58]} d5 {[%clk 1:30:42]} 2. g3 {[%clk 1:31:22]} Bg4
{[%clk 1:30:58]} 3. Bg2 {[%clk 1:31:46]} c6 {[%clk 1:31:10]} 4. O-O
{[%clk 1:31:52]} e6 {[%clk 1:31:18]} 5. d3 {[%clk 1:28:12]} Nd7 {[%clk 1:31:32]}
6. Nbd2 {[%clk 1:26:42]} Bd6 {[%clk 1:30:58]} 7. Qe1 {[%clk 1:12:46]} Ne7
{[%clk 1:30:09]} 8. e4 {[%clk 1:10:52]} O-O {[%clk 1:29:44]} 9. h3
{[%clk 1:02:55]} Bh5 {[%clk 1:29:44]} 10. Nh4 {[%clk 0:50:46]} Qc7
{[%clk 1:10:25]} 11. d4 {[%clk 0:39:23]} f6 {[%clk 1:01:01]} 12. c4
{[%clk 0:31:18]} b6 {[%clk 0:53:32]} 13. b3 {[%clk 0:24:17]} Bf7 {[%clk 0:37:26]}
14. Bb2 {[%clk 0:22:30]} Bb4 {[%clk 0:36:45]} 15. Nhf3 {[%clk 0:15:05]} dxc4
{[%clk 0:32:27]} 16. bxc4 {[%clk 0:15:24]} e5 {[%clk 0:31:45]} 17. d5
{[%clk 0:08:58]} b5 {[%clk 0:28:04]} 18. dxc6 {[%clk 0:05:22]} Qxc6
{[%clk 0:26:35]} 19. cxb5 {[%clk 0:05:36]} Qxb5 {[%clk 0:26:50]} 20. Qb1
{[%clk 0:02:52]} Rab8 {[%clk 0:25:54]} 21. a4 {[%clk 0:01:38]} Qa5
{[%clk 0:19:29]} 22. Rd1 {[%clk 0:01:13]} Rfc8 {[%clk 0:19:19]} 23. Bf1
{[%clk 0:00:57]} a6 {[%clk 0:13:11]} 24. Nc4 {[%clk 0:00:49]} Qc7
{[%clk 0:08:42]} 25. Rc1 {[%clk 0:00:49]} Nc5 {[%clk 0:06:42]} 26. Qc2
{[%clk 0:01:12]} Qc6 {[%clk 0:04:58]} 27. Nfd2 {[%clk 0:00:58]} Ne6
{[%clk 0:03:16]} 28. Bc3 {[%clk 0:00:51]} Bxc3 {[%clk 0:03:12]} 29. Qxc3
{[%clk 0:01:12]} Nd4 {[%clk 0:03:27]} 30. Qa3 {[%clk 0:00:59]} Qd7
{[%clk 0:02:32]} 31. Kg2 {[%clk 0:00:36]} Be6 {[%clk 0:01:58]} 32. Kh2
{[%clk 0:01:04]} Nec6 {[%clk 0:01:37]} 33. Rab1 {[%clk 0:01:06]} Rd8
{[%clk 0:01:23]} 34. Qc5 {[%clk 0:00:52]} Qa7 {[%clk 0:00:44]} 35. Qxa7
{[%clk 0:00:54]} Nxa7 {[%clk 0:01:13]} 36. Ne3 {[%clk 0:01:04]} a5
{[%clk 0:01:16]} 37. Bc4 {[%clk 0:01:15]} Rxb1 {[%clk 0:00:42]} 38. Rxb1
{[%clk 0:01:24]} Nac6 {[%clk 0:00:32]} 39. Kg2 {[%clk 0:01:31]} Kf7
{[%clk 0:00:33]} 40. Rb7+ {[%clk 0:31:47]} Kf8 {[%clk 0:30:55]} 41. Rb6
{[%clk 0:28:39]} Bd7 {[%clk 0:27:49]} 42. Rb7 {[%clk 0:09:41]} Be8
{[%clk 0:20:13]} 43. Bd5 {[%clk 0:04:48]} Ne7 {[%clk 0:13:48]} 44. Ra7
{[%clk 0:03:00]} Ndc6 {[%clk 0:10:06]} 45. Ra6 {[%clk 0:02:06]} Nb4
{[%clk 0:10:35]} 46. Rxa5 {[%clk 0:02:14]} Nbxd5 {[%clk 0:08:34]} 47. exd5
{[%clk 0:01:58]} Nxd5 {[%clk 0:08:27]} 48. Nxd5 {[%clk 0:02:18]} Bc6
{[%clk 0:08:40]} 49. Kf1 {[%clk 0:01:32]} Bxd5 {[%clk 0:08:53]} 50. Ke2
{[%clk 0:01:50]} Be6 {[%clk 0:06:42]} 51. h4 {[%clk 0:02:14]} Rd4
{[%clk 0:06:22]} 52. Ra7 {[%clk 0:01:29]} h5 {[%clk 0:03:57]} 53. a5
{[%clk 0:01:09]} Ra4 {[%clk 0:03:58]} 54. Kd3 {[%clk 0:00:37]} g5
{[%clk 0:03:46]} 55. hxg5 {[%clk 0:00:37]} fxg5 {[%clk 0:04:14]} 56. Ke3
{[%clk 0:00:32]} Bd5 {[%clk 0:03:44]} 57. Rd7 {[%clk 0:00:38]} Rxa5
{[%clk 0:03:20]} 58. Rh7 {[%clk 0:00:51]} Ra3+ {[%clk 0:03:06]} 59. Ke2
{[%clk 0:01:13]} Bf7 {[%clk 0:03:26]} 60. Kf1 {[%clk 0:00:38]} Kg8
{[%clk 0:01:36]} 61. Rh6 {[%clk 0:01:02]} Ra1+ {[%clk 0:01:23]} 62. Ke2
{[%clk 0:01:09]} Kg7 {[%clk 0:01:52]} 63. Rb6 {[%clk 0:00:53]} Ra2
{[%clk 0:00:47]} 64. Rb4 {[%clk 0:01:05]} Be6 {[%clk 0:00:54]} 65. Ke3
{[%clk 0:00:52]} Ra3+ {[%clk 0:00:50]} 66. Ke2 {[%clk 0:01:15]} Bc8
{[%clk 0:00:43]} 67. Kd1 {[%clk 0:00:55]} Ba6 {[%clk 0:00:46]} 68. Ne4
{[%clk 0:00:51]} Kg6 {[%clk 0:00:36]} 69. Ke1 {[%clk 0:00:33]} h4
{[%clk 0:00:36]} 70. gxh4 {[%clk 0:00:38]} gxh4 71. Nc5 {[%clk 0:00:54]} h3
{[%clk 0:00:42]} 72. Nxa6 {[%clk 0:01:00]} h2 {[%clk 0:01:00]} 73. Rh4
{[%clk 0:01:26]} Ra1+ {[%clk 0:01:14]} 74. Ke2 {[%clk 0:01:50]} h1=Q
{[%clk 0:01:36]} 75. Rxh1 {[%clk 0:02:08]} Rxh1 {[%clk 0:02:03]} 76. Nb4
{[%clk 0:01:57]} Kf5 {[%clk 0:02:05]} 77. Nd5 {[%clk 0:02:02]} Ke4
{[%clk 0:00:57]} 78. Nc3+ {[%clk 0:02:23]} Kd4 {[%clk 0:00:57]} 79. Nb5+
{[%clk 0:02:44]} Ke4 {[%clk 0:00:47]} 80. Nc3+ {[%clk 0:03:07]} Kf5
{[%clk 0:00:40]} 81. Nd5 {[%clk 0:03:21]} Ra1 {[%clk 0:01:03]} 82. Kf3
{[%clk 0:03:13]} Ra4 {[%clk 0:00:59]} 83. Ne3+ {[%clk 0:03:17]} Ke6
{[%clk 0:01:26]} 84. Kg3 {[%clk 0:03:11]} Rf4 {[%clk 0:01:34]} 85. Ng2
{[%clk 0:03:25]} Rf8 {[%clk 0:01:57]} 86. Ne3 {[%clk 0:03:15]} e4
{[%clk 0:01:35]} 87. Kg2 {[%clk 0:03:19]} Ke5 {[%clk 0:01:12]} 88. Kf1
{[%clk 0:03:41]} Ra8 {[%clk 0:00:55]} 89. Kg2 {[%clk 0:03:51]} Rg8+
{[%clk 0:00:46]} 90. Kf1 {[%clk 0:04:15]} Kd4 {[%clk 0:00:37]} 91. Ke2
{[%clk 0:04:16]} Ra8 {[%clk 0:00:45]} 92. Kf1 {[%clk 0:03:39]} Kd3
{[%clk 0:00:49]} 93. Nd5 {[%clk 0:03:31]} Kd2 {[%clk 0:00:39]} 94. Nf6
{[%clk 0:02:55]} Kd3 {[%clk 0:00:38]} 95. Nd5 {[%clk 0:03:16]} Kd2
{[%clk 0:00:37]} 96. Kg2 {[%clk 0:02:02]} Rg8+ {[%clk 0:00:44]} 97. Kf1
{[%clk 0:02:24]} Rf8 {[%clk 0:01:06]} 98. Ne3 {[%clk 0:02:28]} Rg8
{[%clk 0:00:35]} 99. Nd5 {[%clk 0:02:43]} Rg7 {[%clk 0:00:50]} 100. Ne3
{[%clk 0:02:59]} Rf7 {[%clk 0:00:59]} 101. Nc4+ {[%clk 0:02:59]} Kc3
{[%clk 0:01:27]} 102. Nd6 {[%clk 0:02:36]} Rf4 {[%clk 0:01:51]} 103. Ke2
{[%clk 0:02:57]} Kd4 {[%clk 0:02:09]} 104. Nb5+ {[%clk 0:03:16]} Ke5
{[%clk 0:02:19]} 105. Na3 {[%clk 0:03:30]} Rf3 {[%clk 0:02:12]} 106. Nc4+
{[%clk 0:03:54]} Kf4 {[%clk 0:02:23]} 107. Nb6 {[%clk 0:04:04]} Rd3
{[%clk 0:02:44]} 108. Nc4 {[%clk 0:04:09]} Rb3 {[%clk 0:02:13]} 109. Kf1
{[%clk 0:03:46]} Rc3 {[%clk 0:02:16]} 110. Nd2 {[%clk 0:04:02]} e3
{[%clk 0:02:12]} 111. fxe3+ {[%clk 0:04:16]} Kxe3 {[%clk 0:02:38]} 0-1

[Event "eytcc"]
[Site "?"]
[Date "2017.08.17"]
[Round "1.15"]
[White "Radovanovic, Mihajlo"]
[Black "Zlatin, Alexander"]
[Result "1/2-1/2"]
[BlackElo "2149"]
[WhiteElo "2357"]
[LiveChessVersion "1.4.4"]

1. Nf3 {[%clk 1:30:56]} Nf6 {[%clk 1:30:32]} 2. g3 {[%clk 1:30:43]} e6
{[%clk 1:28:55]} 3. Bg2 {[%clk 1:31:04]} d5 {[%clk 1:28:49]} 4. O-O
{[%clk 1:31:26]} b5 {[%clk 1:21:10]} 5. d3 {[%clk 1:21:23]} Bb7 {[%clk 1:09:45]}
6. Nbd2 {[%clk 1:19:54]} Be7 {[%clk 1:00:27]} 7. e4 {[%clk 1:14:15]} O-O
{[%clk 0:49:06]} 8. e5 {[%clk 1:09:18]} Nfd7 {[%clk 0:49:21]} 9. Re1
{[%clk 1:08:20]} c5 {[%clk 0:47:03]} 10. h4 {[%clk 1:04:32]} Nc6 {[%clk 0:42:06]}
11. Nf1 {[%clk 1:04:34]} Qc7 {[%clk 0:37:02]} 12. Bf4 {[%clk 1:04:41]} Rae8
{[%clk 0:29:53]} 13. N1h2 {[%clk 0:51:29]} d4 {[%clk 0:23:40]} 14. Ng4
{[%clk 0:46:20]} Kh8 {[%clk 0:15:53]} 15. Ng5 {[%clk 0:42:19]} Bxg5
{[%clk 0:15:38]} 16. hxg5 {[%clk 0:41:58]} Nb4 {[%clk 0:11:20]} 17. Be4
{[%clk 0:19:51]} Bxe4 {[%clk 0:10:37]} 18. Rxe4 {[%clk 0:20:08]} Rc8
{[%clk 0:08:16]} 19. c4 {[%clk 0:15:01]} bxc4 {[%clk 0:07:19]} 20. dxc4
{[%clk 0:15:29]} Qc6 {[%clk 0:06:54]} 21. f3 {[%clk 0:13:45]} Qa6
{[%clk 0:05:46]} 22. b3 {[%clk 0:09:41]} Rfd8 {[%clk 0:05:20]} 23. a3
{[%clk 0:08:35]} Nc6 {[%clk 0:05:48]} 24. Qd3 {[%clk 0:08:46]} Rb8
{[%clk 0:05:23]} 25. Re2 {[%clk 0:08:33]} Nf8 {[%clk 0:04:54]} 26. Raa2
{[%clk 0:05:51]} Rb6 {[%clk 0:03:53]} 27. Rh2 {[%clk 0:02:55]} Ng6
{[%clk 0:03:36]} 28. Rh5 {[%clk 0:01:58]} Nb4 {[%clk 0:03:30]} 29. axb4
{[%clk 0:00:48]} Qxa2 {[%clk 0:03:59]} 30. b5 {[%clk 0:01:02]} Qa1+
{[%clk 0:03:59]} 31. Kg2 {[%clk 0:01:20]} Qc3 {[%clk 0:04:18]} 32. Nf2
{[%clk 0:01:17]} Nxf4+ {[%clk 0:03:00]} 33. gxf4 {[%clk 0:01:41]} Qxd3
{[%clk 0:03:26]} 34. Nxd3 {[%clk 0:02:05]} a6 {[%clk 0:03:47]} 35. bxa6
{[%clk 0:02:03]} Rxb3 {[%clk 0:03:28]} 36. Nxc5 {[%clk 0:02:18]} Rb2+
{[%clk 0:03:53]} 37. Kg3 {[%clk 0:02:42]} d3 {[%clk 0:03:23]} 38. Rh1
{[%clk 0:01:59]} d2 {[%clk 0:01:01]} 39. Rd1 {[%clk 0:02:17]} Rc2
{[%clk 0:01:02]} 40. Ne4 {[%clk 0:30:38]} Ra2 {[%clk 0:30:42]} 41. Nd6
{[%clk 0:22:15]} Ra8 {[%clk 0:20:11]} 42. Nxf7+ {[%clk 0:20:42]} Kg8
{[%clk 0:20:35]} 1/2-1/2

[Event "eytcc"]
[Site "?"]
[Date "2017.08.17"]
[Round "1.16"]
[White "Gorodetzky, Matan"]
[Black "Ivic, Velimir"]
[Result "1/2-1/2"]
[BlackElo "2383"]
[WhiteElo "1980"]
[LiveChessVersion "1.4.4"]

1. e4 {[%clk 1:30:57]} c5 {[%clk 1:30:52]} 2. c3 {[%clk 1:31:24]} Nf6
{[%clk 1:31:13]} 3. e5 {[%clk 1:31:37]} Nd5 {[%clk 1:31:37]} 4. d4
{[%clk 1:32:03]} cxd4 {[%clk 1:31:52]} 5. cxd4 {[%clk 1:32:28]} e6
{[%clk 1:31:52]} 6. Nf3 {[%clk 1:31:21]} d6 {[%clk 1:32:16]} 7. Bc4
{[%clk 1:31:40]} Be7 {[%clk 1:32:34]} 8. O-O {[%clk 1:31:18]} O-O
{[%clk 1:32:54]} 9. Bd2 {[%clk 1:31:31]} Nc6 {[%clk 1:32:27]} 10. Nc3
{[%clk 1:29:05]} Nxc3 {[%clk 1:32:31]} 11. Bxc3 {[%clk 1:29:28]} dxe5
{[%clk 1:32:36]} 12. dxe5 {[%clk 1:29:13]} Qc7 {[%clk 1:32:26]} 13. Qe2
{[%clk 1:26:38]} b6 {[%clk 1:31:52]} 14. Rac1 {[%clk 1:20:11]} Bb7
{[%clk 1:31:08]} 15. Rfd1 {[%clk 1:18:43]} Rac8 {[%clk 1:20:11]} 16. Bd3
{[%clk 1:15:23]} Rfd8 {[%clk 1:08:05]} 17. a3 {[%clk 1:12:34]} Rd7
{[%clk 0:49:24]} 18. h4 {[%clk 1:00:09]} Rcd8 {[%clk 0:39:18]} 19. h5
{[%clk 0:59:21]} Bf8 {[%clk 0:33:54]} 20. Bc2 {[%clk 0:35:20]} Rxd1+
{[%clk 0:24:56]} 21. Rxd1 {[%clk 0:35:45]} Rxd1+ {[%clk 0:25:06]} 22. Qxd1
{[%clk 0:35:23]} g6 {[%clk 0:24:00]} 23. hxg6 {[%clk 0:23:33]} hxg6
{[%clk 0:24:24]} 24. Be4 {[%clk 0:23:57]} Nd8 {[%clk 0:10:49]} 25. Bxb7
{[%clk 0:20:14]} Nxb7 {[%clk 0:11:14]} 26. Qa4 {[%clk 0:20:34]} Nc5
{[%clk 0:10:45]} 27. Qe8 {[%clk 0:19:42]} Ne4 {[%clk 0:04:44]} 28. Bb4
{[%clk 0:18:01]} Qc1+ {[%clk 0:05:00]} 29. Kh2 {[%clk 0:16:45]} Qf4+
{[%clk 0:02:58]} 30. Kg1 {[%clk 0:17:10]} Qc1+ {[%clk 0:00:47]} 31. Kh2
{[%clk 0:17:36]} 1/2-1/2

[Event "eytcc"]
[Site "?"]
[Date "2017.08.17"]
[Round "1.17"]
[White "Dobrovoljc, Vid"]
[Black "Nayhebaver, Martin"]
[Result "1/2-1/2"]
[BlackElo "2451"]
[WhiteElo "2303"]
[LiveChessVersion "1.4.4"]

1. d4 {[%clk 1:30:55]} Nf6 {[%clk 1:30:40]} 2. c4 {[%clk 1:30:48]} e6
{[%clk 1:30:38]} 3. Nc3 {[%clk 1:30:53]} Bb4 {[%clk 1:30:26]} 4. Qc2
{[%clk 1:30:31]} c5 {[%clk 1:30:11]} 5. dxc5 {[%clk 1:30:04]} O-O
{[%clk 1:30:07]} 6. Nf3 {[%clk 1:29:50]} Na6 {[%clk 1:30:02]} 7. g3
{[%clk 1:29:03]} Nxc5 {[%clk 1:29:47]} 8. Bg2 {[%clk 1:28:51]} b6
{[%clk 1:28:46]} 9. O-O {[%clk 1:27:42]} Bb7 {[%clk 1:28:57]} 10. Nb5
{[%clk 1:17:43]} Be4 {[%clk 1:27:31]} 11. Qd1 {[%clk 1:17:46]} Nb7
{[%clk 1:27:25]} 12. a3 {[%clk 1:13:04]} Be7 {[%clk 1:26:14]} 13. Nc3
{[%clk 1:08:39]} Bc6 {[%clk 1:23:33]} 14. Bf4 {[%clk 0:59:17]} Na5
{[%clk 1:13:28]} 15. Nd2 {[%clk 0:43:41]} Bxg2 {[%clk 1:07:57]} 16. Kxg2
{[%clk 0:44:04]} Rc8 {[%clk 1:07:23]} 17. Qa4 {[%clk 0:42:10]} d5
{[%clk 1:00:42]} 18. cxd5 {[%clk 0:39:31]} Nxd5 {[%clk 0:58:01]} 19. Nxd5
{[%clk 0:37:24]} Qxd5+ {[%clk 0:58:19]} 20. Nf3 {[%clk 0:29:03]} Rc4
{[%clk 0:26:30]} 21. b4 {[%clk 0:23:45]} Nc6 {[%clk 0:18:37]} 22. Rfd1
{[%clk 0:18:39]} Qe4 {[%clk 0:18:09]} 23. Rac1 {[%clk 0:17:03]} Rxc1
{[%clk 0:07:10]} 24. Rxc1 {[%clk 0:17:24]} Nd4 {[%clk 0:06:00]} 25. b5
{[%clk 0:01:24]} Bf6 {[%clk 0:05:57]} 26. Be3 {[%clk 0:00:49]} e5
{[%clk 0:06:10]} 27. Bxd4 {[%clk 0:00:34]} exd4 {[%clk 0:06:39]} 28. e3
{[%clk 0:00:53]} g5 {[%clk 0:06:05]} 29. h3 {[%clk 0:00:37]} h5 {[%clk 0:06:34]}
30. Rc6 {[%clk 0:00:33]} Kg7 {[%clk 0:05:31]} 31. Qc2 {[%clk 0:00:31]} Qxc2
{[%clk 0:04:03]} 32. Rxc2 {[%clk 0:00:57]} dxe3 {[%clk 0:03:28]} 33. fxe3
{[%clk 0:01:23]} Re8 {[%clk 0:02:20]} 34. Rc7 {[%clk 0:00:58]} Rxe3
{[%clk 0:02:07]} 35. Rxa7 {[%clk 0:01:22]} g4 {[%clk 0:02:11]} 36. hxg4
{[%clk 0:01:23]} hxg4 {[%clk 0:02:40]} 37. Nh4 {[%clk 0:01:30]} Re2+
{[%clk 0:02:56]} 38. Kf1 {[%clk 0:01:23]} Rb2 {[%clk 0:02:00]} 39. Ra4
{[%clk 0:00:42]} Rxb5 {[%clk 0:02:07]} 40. Rxg4+ {[%clk 0:31:04]} Kf8
{[%clk 0:31:55]} 41. a4 {[%clk 0:28:26]} 1/2-1/2